Τι είναι αντισημιτισμός
Αποθηκεύτηκε σε:
| Κύριος συγγραφέας: | |
|---|---|
| Άλλοι συγγραφείς: | , |
| Μορφή: | Βιβλίο |
| Γλώσσα: | Greek French |
| Δημοσίευση: |
Αθήνα :
Βιβλιοπωλείον της "Εστίας",
2011.
|
| Θέματα: | |
| Ετικέτες: |
Προσθήκη ετικέτας
Δεν υπάρχουν, Καταχωρήστε ετικέτα πρώτοι!
|
MARC
| LEADER | 00000cam a2200000 i 4500 | ||
|---|---|---|---|
| 001 | 1/46314 | ||
| 008 | 140428s2011 gr | ||| |||| ||gre|| | ||
| 020 | |a 9789600515190 | ||
| 035 | |l 10117456 | ||
| 040 | |a GR-MyUA |b gre |e AACR2 | ||
| 041 | 1 | |a gre |h fre | |
| 082 | 0 | |a 305.8924 |2 (23) | |
| 100 | 1 | |a Taguieff, Pierre-André. | |
| 245 | 1 | 0 | |a Τι είναι αντισημιτισμός / |c Andre-Pierre Taguieff ; μετάφραση Αναστασία Ηλιαδέλη, Ανδρέας Πανταζόπουλος. |
| 260 | |a Αθήνα : |b Βιβλιοπωλείον της "Εστίας", |c 2011. | ||
| 300 | |a 87 σ. ; |c 20 εκ. | ||
| 500 | |a Τίτλος πρωτοτύπου: L' antisemitisme. | ||
| 504 | |a Βιβλιογραφία: σ. 81-87. | ||
| 650 | 0 | 0 | |a Antisemitism. |
| 700 | 1 | |a Ηλιαδέλη, Αναστασία, |e trlf | |
| 700 | 1 | |a Πανταζόπουλος, Ανδρέας, |d 1960- |e trl | |
| 852 | |a INST |b LESVOS |e 20140428 |h 305.8924 TAG |p 005100054043 |q 005100054043 |t BK |y 0 | ||
| 901 | |a BIBL1-2014-1 | ||
| 909 | |a Λ |b 188830 | ||
| 970 | |a ΤΖΑΦΕΡΗ |b ΕΥΑΓΓΕΛΙΑ |z 2014/04/28 | ||